000
00321nam a22001337a 4500
008
181019b xxu||||| |||| 00| 0 eng d
020
_a
9780131139367
041
_a
eng
080
_2
12 ED
_a
370
100
_a
37
101
_a
EDU
245
_a
Social Studies In Elemenatry Education
_c
Parker.W.C
942
_2
udc
_c
BK
999
_c
50177
_d
50177